Survey of all lands and tenements belonging to the Worshipful Company of the Clothworkers of London, made by Ralphe Treswell the Elder in the month of July A. D. 1612 in the time of Mr Hughe Morall Master of the said Company, Mr James Chapman, Mr Robert Reynolds, Mr Joseph Jackson, and Mr George Rogers, Wardens of the said Company (Record no. 116854)

MARC details
000 -LEADER
fixed length control field 01238cem a22002175a 4500
001 - CONTROL NUMBER
control field L140373
008 - FIXED-LENGTH DATA ELEMENTS--GENERAL INFORMATION
fixed length control field 070920s1939 xxk a 0 f eng u
035 ## - SYSTEM CONTROL NUMBER
System control number (Sirsi) u140373
041 0# - LANGUAGE CODE
Language code of text/sound track or separate title eng
110 2# - MAIN ENTRY--CORPORATE NAME
Corporate name or jurisdiction name as entry element London Topographical Society
9 (RLIN) 106
245 00 - TITLE STATEMENT
Title Survey of all lands and tenements belonging to the Worshipful Company of the Clothworkers of London, made by Ralphe Treswell the Elder in the month of July A. D. 1612 in the time of Mr Hughe Morall Master of the said Company, Mr James Chapman, Mr Robert Reynolds, Mr Joseph Jackson, and Mr George Rogers, Wardens of the said Company
Remainder of title to which has been added certain further surveys of some of the properties in the year 1728
Medium [cartographic material]
250 ## - EDITION STATEMENT
Edition statement Facsim.
255 ## - CARTOGRAPHIC MATHEMATICAL DATA
Statement of scale Scales differ
260 ## - PUBLICATION, DISTRIBUTION, ETC.
Place of publication, distribution, etc. London
Name of publisher, distributor, etc. London Topographical Society
Date of publication, distribution, etc. 1939
300 ## - PHYSICAL DESCRIPTION
Extent 2 maps on two sheets
Other physical details in folder
Dimensions 49 x 36 cm.
500 ## - GENERAL NOTE
General note Item includes facsimiles of the original maps, which show the neighbourhood of the Fleet Prison in 1612 and 1728.
500 ## - GENERAL NOTE
General note Maps are reproduced by the permission of the Worshipful Company of Clothworkers.
651 4# - SUBJECT ADDED ENTRY--GEOGRAPHIC NAME
Geographic name London
690 ## - LOCAL SUBJECT ADDED ENTRY--TOPICAL TERM (OCLC, RLIN)
Topical term or geographic name as entry element ENVIRONMENTAL AND LAND CONSULTANCY-GEOMATICS-MAPPING AND POSITIONING-CARTOGRAPHY
942 ## - ADDED ENTRY ELEMENTS (KOHA)
Suppress in OPAC 0
Holdings
Withdrawn status Lost status Source of classification or shelving scheme Damaged status Not for loan Home library Current library Shelving location Date acquired Total Checkouts Full call number Barcode Date last seen Copy number Price effective from Koha item type
    Dewey Decimal Classification     Historic collection Historic collection Historic collection 20/09/2007   MAP CABINET DRAWER 4 140373-2001 06/08/2019 1 06/08/2019 Archive